Statistics for Countries that were blocked by Donald Trump

Click here to take the quiz!

General Stats

  • This quiz has been taken 105 times
  • The average score is 5 of 7

Answer Stats

Answer% Correct
Iran
95%
Iraq
89%
Syria
89%
Libya
74%
Yemen
74%
Somalia
66%
Sudan
57%

Score Distribution

Percentile by Number Answered

Percent of People with Each Score

Your Score History

You have not taken this quiz